Statistics for Top 15 Countries with Covid-19 Cases - 5 Mar 2021

Click here to take the quiz!

General Stats

  • This quiz has been taken 18 times
  • The average score is 17 of 27

Answer Stats

country% Correct
United Kingdom
100%
United States
100%
Russia
94%
Brazil
88%
France
88%
Germany
88%
Italy
88%
Mexico
88%
Spain
88%
India
82%
Portugal
76%
Netherlands
71%
Poland
71%
Belgium
65%
Iran
65%
Argentina
59%
Czechia
59%
Sweden
59%
Turkey
59%
Colombia
53%
Switzerland
53%
Israel
47%
Slovenia
29%
Panama
24%
Lithuania
18%
Bahrain
12%
Georgia
12%

Score Distribution

Percentile by Number Answered

Percent of People with Each Score

Your Score History

You have not taken this quiz